Gottes bogen in den wolken: untersuchungen zu komposition und theologie der priesterschiftlichen urgeschichte
Salvato in:
| Autore principale: | |
|---|---|
| Natura: | Libro |
| Lingua: | tedesco |
| Pubblicazione: |
Stuttgart
Verlag Katholisches Bibelwerk
1983
|
| Edizione: | 1a. ed |
| Serie: | Stuttgarter Bibelstudien, 112
|
| Soggetti: | |
| Tags: |
Aggiungi Tag
Nessun Tag, puoi essere il primo ad aggiungerne!!
|
MARC
| LEADER | 00000cam a2200000 a 4500 | ||
|---|---|---|---|
| 001 | UCE6921 | ||
| 003 | CL-VaPUC | ||
| 008 | 150514e19830000gw |||||||||||||||||ger|d | ||
| 020 | |a 3460041218 | ||
| 082 | 0 | 4 | |a 220 |b ZEN |2 21 |
| 100 | 0 | |a Zenger, Erich |e author |9 579623 | |
| 245 | 1 | 0 | |a Gottes bogen in den wolken: untersuchungen zu komposition und theologie der priesterschiftlichen urgeschichte |
| 250 | |a 1a. ed | ||
| 300 | |a 212 p | ||
| 942 | |c BK | ||
| 945 | |d 20150514 13:01:00 |a arojas | ||
| 260 | |a Stuttgart |b Verlag Katholisches Bibelwerk |c 1983 | ||
| 650 | 0 | |a Biblia |9 257603 | |
| 650 | 0 | |a Antiguo testamento |9 313678 | |
| 650 | 0 | |a Génesis |9 334078 | |
| 583 | |a last modification |c 20150514 13:01:00 |k Rodrigo Vera | ||
| 490 | 0 | |a Stuttgarter Bibelstudien, 112 | |
| 999 | |c 359092 |d 359090 | ||
| 952 | |0 0 |1 0 |3 erb |4 0 |6 220_000000000000000_ZEN_1983 |7 0 |8 A |9 468118 |a BIBTEO |b BIBTEO |e Casale Rolle, Carlos Ignacio, -2014 |i 5173647 |o 220 ZEN 1983 |p 5173647 |r 2025-01-17 |w 2019-11-23 |y BK |z Catalogado en:20150514 |k ICR | ||